000
00263nam a22001097a 4500
082
_a
668.42 WIN'P
100
_a
WINDING, CHARLES C,HIATT, GORDON D
_9
80338
245
_a
POLYMERIC MATERIALS
260
_a
NEWYORK
_b
MCGRAW HILL
_c
1961
300
_a
406P
942
_c
BK
999
_c
585291
_d
585291